Oldschool runescape quiz #1 - Statistics

General Stats
  • This quiz has been taken 1,882 times
  • The average score is 11 of 15
Answer Stats
Hint Answer % Correct
What is the price of a tinderbox at the general store? 1gp
100%
How much does a gf cost? 20k
100%
How much does a lobster heal? 14
92%
What skill allows you to make bowstring? Crafting
80%
What weapon can be wielded as a reward from monkey madness? dragon scimitar
79%
Who is the best ever runescape player throughout history? zezima
76%
Which barrows brother hits through prayer? Verac
75%
How long does a bond last? 14 days
74%
Who is the only magic barrows brother? Ahrim
74%
What town is most known for its fishing spots? Catherby
63%
What slayer level is required to kill jellies? 55
57%
Which key allows you access to hillgiants and edgeville dungeon? brass key
55%
What is the best one spec melee weapon in the game? armadyl god sword
46%
Who do you speak to in order to access the runecrafting abyss? mage of zamorak
46%
What is the fastest money making method in osrs (2m/hr) zulrah
46%
No matching quizzes found
Score Distribution
Percent of People with Each Score
Percentile by Number Answered
Your Score History
You have not taken this quiz